Online
Catalog

Good food without salt / (Record no. 2211)

MARC details
000 -CABECERA
campo de control de longitud fija 00682cam a2200205 a 4500
001 - NÚMERO DE CONTROL
campo de control 000002369
005 - FECHA Y HORA DE LA ÚLTIMA TRANSACCIÓN
campo de control 20200929150205.0
008 - DATOS DE LONGITUD FIJA--INFORMACIÓN GENERAL
campo de control de longitud fija 750626s1951 xxua 001 0 eng
040 ## - FUENTE DE LA CATALOGACIÓN
Centro catalogador/agencia de origen DO-SdBNP
Lengua de catalogación spa
Centro/agencia transcriptor BNPHU
082 ## - NÚMERO DE LA CLASIFICACIÓN DECIMAL DEWEY
Número de clasificación 641.563
Número de documento/Ítem V371g
100 1# - ENTRADA PRINCIPAL--NOMBRE DE PERSONA
Nombre de persona Vaughn, Margaret
9 (RLIN) 7536
245 10 - MENCIÓN DE TÍTULO
Título Good food without salt /
Mención de responsabilidad, etc. introducción por Mary Catherine Tyson; prólogo por Solomon Silver.
260 ## - PUBLICACIÓN, DISTRIBUCIÓN, ETC.
Lugar de publicación, distribución, etc. New York :
Nombre del editor, distribuidor, etc. Thomas Y. Crowell,
Fecha de publicación, distribución, etc. 1951.
300 ## - DESCRIPCIÓN FÍSICA
Extensión 188 p. :
Otras características físicas il ;
Dimensiones 21 cm.
504 ## - NOTA DE BIBLIOGRAFÍA, ETC.
Nota de bibliografía, etc. Incluye índice
650 #4 - PUNTO DE ACCESO ADICIONAL DE MATERIA--TÉRMINO DE MATERIA
Término de materia o nombre geográfico como elemento de entrada Dieta libre de sal
9 (RLIN) 7537
650 #4 - PUNTO DE ACCESO ADICIONAL DE MATERIA--TÉRMINO DE MATERIA
Término de materia o nombre geográfico como elemento de entrada Cocina para enfermos
9 (RLIN) 7538
700 1# - PUNTO DE ACCESO ADICIONAL--NOMBRE DE PERSONA
Nombre de persona Tyson, Mary Catherine
Término indicativo de función/relación introd.
9 (RLIN) 7539
700 1# - PUNTO DE ACCESO ADICIONAL--NOMBRE DE PERSONA
Nombre de persona Silver, Solomon
Término indicativo de función/relación pró.
9 (RLIN) 7540
Holdings
Estado de retiro Estado de pérdida Restricciones de uso No para préstamo Código de colección Localización permanente Ubicación/localización actual Ubicación en estantería Fecha de adquisición Número de inventario Total de préstamos Signatura topográfica completa Código de barras Fecha visto por última vez Precio válido a partir de Tipo de ítem Koha
    Préstamo interno   Monografías: Libros y Folletos General General En catalogación 10.07.2009 LF1   641.563 V371g 2369-10 25.06.2020 25.06.2020 Préstamo interno

Powered by Koha